The Bombay building repairs and reconstruction board act,1969 (Record no. 414528)

000 -LEADER
fixed length control field 00379cam a22001097a 4500
008 - FIXED-LENGTH DATA ELEMENTS--GENERAL INFORMATION
fixed length control field 180718b1969 xxu||||| |||| 00| 0 eng d
082 ## - DEWEY DECIMAL CLASSIFICATION NUMBER
Classification number X2603x5442 B639 A
245 ## - TITLE STATEMENT
Title The Bombay building repairs and reconstruction board act,1969
Statement of responsibility, etc. Govt. of India
260 ## - PUBLICATION, DISTRIBUTION, ETC.
Place of publication, distribution, etc. Bombay
Name of publisher, distributor, etc. Govt. of India
Date of publication, distribution, etc. 1969
440 ## - SERIES STATEMENT/ADDED ENTRY--TITLE
Title Replacement series No. xlvii
650 ## - SUBJECT ADDED ENTRY--TOPICAL TERM
Topical term or geographic name entry element Building repairs and reconstruction
Holdings
Withdrawn status Lost status Damaged status Not for loan Permanent Location Current Location Date acquired Full call number Barcode Date last seen Price effective from Koha item type
        Indian Institute of Public Administration Indian Institute of Public Administration 2009-02-25 X2603x5442 B639 A DA4114 2018-07-21 2018-07-21 DA

Powered by Koha